[Event "ICS rated blitz match"]
[Site "204.178.125.65"]
[Date "1999.07.28"]
[Round "?"]
[White "Hossa"]
[Black "libertad"]
[Result "0-1"]
[WhiteElo "2312"]
[BlackElo "2232"]
[PlyCount "73"]
[EventDate "1999.??.??"]

1. d4 d5 2. c4 e6 3. Nc3 c5 4. cxd5 exd5 5. Nf3 Nc6 6. g3 Nf6 7. Bg2 Be7 8. O-O
Be6 9. dxc5 Bxc5 10. Bg5 O-O 11. Bxf6 Qxf6 12. Nxd5 Qxb2 13. Rc1 b6 14. Rc2 Qa3
15. e4 Rad8 16. Rd2 Rfe8 17. Ng5 Qa5 18. Kh1 h6 19. Nf3 f5 20. Ne5 Nxe5 21.
Nf6+ gxf6 22. Rxd8 Rxd8 23. Qxd8+ Kg7 24. exf5 Bf7 25. f4 Ng4 26. a4 Qxa4 27.
Bf3 Qa6 28. Bg2 Ne3 29. Re1 Qa2 30. Qa8 Nxg2 31. Ra1 Qxa1+ 32. Kxg2 Qa2+ 33.
Kh3 Qe2 34. Qxa7 Qf1+ 35. Kg4 Qg2 36. Qxf7+ Kxf7 37. h4 {Hossa resigns} 0-1

[Event "ICS rated blitz match"]
[Site "204.178.125.65"]
[Date "1999.07.28"]
[Round "?"]
[White "Hossa"]
[Black "PlayWithMe"]
[Result "1-0"]
[WhiteElo "2314"]
[BlackElo "2069"]
[PlyCount "51"]
[EventDate "1999.??.??"]

1. d4 Nf6 2. c4 e6 3. Nc3 Bb4 4. Bg5 d5 5. cxd5 exd5 6. e3 O-O 7. Bd3 c6 8. Qc2
h6 9. Bh4 Be6 10. Nge2 Nbd7 11. O-O Bd6 12. e4 dxe4 13. Nxe4 Be7 14. Rfe1 Nd5
15. Bxe7 Qxe7 16. Qb3 N7f6 17. Nc5 b6 18. Nxe6 Qxe6 19. Rac1 Rac8 20. Ng3 Qd6
21. Qc4 Nf4 22. Nf5 Qd7 23. Ne7+ Kh8 24. Bf5 Ne6 25. Nxc8 Rxc8 26. Rxe6 {
PlayWithMe resigns} 1-0

[Event "ICS rated blitz match"]
[Site "204.178.125.65"]
[Date "1999.07.28"]
[Round "?"]
[White "zigge"]
[Black "Hossa"]
[Result "0-1"]
[WhiteElo "2392"]
[BlackElo "2320"]
[PlyCount "48"]
[EventDate "1999.??.??"]

1. e4 e5 2. f4 exf4 3. Bc4 f5 4. exf5 Qh4+ 5. Kf1 f3 6. d4 fxg2+ 7. Kxg2 Nf6 8.
Nc3 Be7 9. Be3 d5 10. Bxd5 Nxd5 11. Nxd5 Qe4+ 12. Qf3 Qxc2+ 13. Ne2 Bd6 14.
Rac1 Qxb2 15. Rxc7 O-O 16. Rxc8 Rxc8 17. f6 Rf8 18. Rg1 Qxa2 19. Kh3 g6 20. Bh6
Rf7 21. Rc1 Nc6 22. Bg7 Nxd4 23. Nxd4 Qxh2+ 24. Kg4 24... Qh5# {
zigge checkmated} 0-1

[Event "ICS rated blitz match"]
[Site "204.178.125.65"]
[Date "1999.07.28"]
[Round "?"]
[White "libertad"]
[Black "Hossa"]
[Result "1-0"]
[WhiteElo "2252"]
[BlackElo "2339"]
[PlyCount "127"]
[EventDate "1999.??.??"]

1. e4 e5 2. f4 exf4 3. Nf3 Bb4 4. Nc3 Ne7 5. a3 Bxc3 6. dxc3 Ng6 7. h4 Qe7 8.
h5 Qxe4+ 9. Qe2 Qxe2+ 10. Bxe2 Nf8 11. h6 Rg8 12. hxg7 Rxg7 13. Bxf4 Ne6 14.
Be3 Rxg2 15. Rxh7 Nf8 16. Rh8 d5 17. Kf1 Rg6 18. Re1 Nbd7 19. Bd3 Re6 20. Bf5
b6 21. Bxe6 fxe6 22. Kf2 Ke7 23. Bf4 c5 24. Rg1 b5 25. Rg7+ Kf6 26. Rhg8 e5 27.
Bg5+ Kf5 28. Be7 d4 29. Bxf8 dxc3 30. bxc3 Ke4 31. Bd6 Nf6 32. Rd8 Ng4+ 33. Ke2
b4 34. Nd2+ Kf5 35. Rf8+ Nf6 36. c4 Ke6 37. Bxc5 Bb7 38. Rxb7 Rxf8 39. Bxf8
bxa3 40. Bxa3 a5 41. Re7+ Kf5 42. Ra7 Nh5 43. Rxa5 Nf4+ 44. Kf3 Ne6 45. Bb2
Ng5+ 46. Ke3 Kg4 47. Rxe5 Nf7 48. Re7 Nd8 49. Re4+ Kh5 50. c5 Kh6 51. Nf3 Kg6
52. Re8 Nb7 53. Nd4 Nxc5 54. Re5 Na4 55. Rb5 Kf7 56. c4 Kg6 57. c5 Kh6 58. c6
Kg7 59. c7 Kh7 60. c8=Q Kg7 61. Qc7+ Kf6 62. Qc6+ Kg7 63. Rb7+ Kf8 64. Qc8# {
Hossa checkmated} 1-0

[Event "ICS rated blitz match"]
[Site "204.178.125.65"]
[Date "1999.07.28"]
[Round "?"]
[White "Hossa"]
[Black "libertad"]
[Result "1-0"]
[WhiteElo "2319"]
[BlackElo "2272"]
[PlyCount "107"]
[EventDate "1999.??.??"]

1. d4 d5 2. c4 c6 3. Nc3 Nf6 4. cxd5 cxd5 5. f3 Nc6 6. e4 dxe4 7. d5 Ne5 8.
fxe4 e6 9. Bf4 Bd6 10. Bb5+ Bd7 11. Bxd7+ Qxd7 12. Nge2 exd5 13. exd5 O-O 14.
Rc1 Rfe8 15. O-O Rac8 16. Bg5 Bc5+ 17. Kh1 Neg4 18. Bxf6 Nxf6 19. Qd3 Be3 20.
Rc2 Rcd8 21. Ng3 Re5 22. Rxf6 gxf6 23. Nge4 Bg5 24. Qg3 Kh8 25. Re2 Qf5 26. Kg1
Qf4 27. Qe1 Qc1 28. Qxc1 Bxc1 29. b3 f5 30. Ng3 Rxe2 31. Ngxe2 Bb2 32. a4 Rc8
33. Nd1 Be5 34. Ne3 f4 35. Nc4 Bb8 36. Nc3 Kg7 37. Kf2 Kf6 38. Ne4+ Kf5 39.
Ned6+ Bxd6 40. Nxd6+ Ke5 41. Nxc8 Kxd5 42. Nxa7 Kd4 43. Nb5+ Kc5 44. Kf3 Kb4
45. Nd6 b6 46. Nc8 b5 47. axb5 Kxb5 48. Nd6+ Kb4 49. Nxf7 Kxb3 50. Kxf4 Kc4 51.
Ng5 h6 52. Nf7 h5 53. Ne5+ Kd5 54. Kg5 {libertad resigns} 1-0

[Event "ICS rated blitz match"]
[Site "204.178.125.65"]
[Date "1999.07.28"]
[Round "?"]
[White "libertad"]
[Black "Hossa"]
[Result "1-0"]
[WhiteElo "2258"]
[BlackElo "2333"]
[PlyCount "147"]
[EventDate "1999.??.??"]

1. c4 g6 2. Nc3 e5 3. d4 Bg7 4. e3 Ne7 5. Nf3 exd4 6. exd4 O-O 7. Bg5 Nbc6 8.
d5 f6 9. Bd2 Ne5 10. Be2 c6 11. O-O cxd5 12. cxd5 Qb6 13. Rb1 Re8 14. Be3 Qb4
15. Nxe5 fxe5 16. Nb5 d6 17. Nc7 Bf5 18. Qe1 Qh4 19. Rc1 Rac8 20. Qd2 Qe4 21.
f3 Qa4 22. Bb5 Qxa2 23. Bxe8 Nxd5 24. Ra1 Qb3 25. Qxd5+ Qxd5 26. Nxd5 Rxe8 27.
Rxa7 b5 28. g4 Bd3 29. Rd1 Be2 30. Rc1 Bc4 31. Ne7+ Kh8 32. Rca1 Bf6 33. Nc6
Bd5 34. Nb4 Bc4 35. g5 Be7 36. Rxe7 Rxe7 37. Ra8+ Kg7 38. Ra7 Rxa7 39. Bxa7 Kf7
40. Kf2 Bb3 41. Bb8 Ke6 42. Nd3 Kd5 43. Ke3 Ba4 44. Nb4+ Kc5 45. Nd3+ Kd5 46.
Nf2 Bc2 47. Ne4 Bxe4 48. fxe4+ Ke6 49. h4 Kd7 50. Ba7 Kc7 51. Kd3 Kb7 52. Be3
Kc6 53. Kc3 d5 54. exd5+ Kxd5 55. Kd3 b4 56. Bd2 Kc5 57. Ke4 Kc4 58. Bxb4 Kxb4
59. Kxe5 Kc5 60. Kf6 Kd4 61. Kg7 Ke5 62. Kxh7 Kd5 63. Kxg6 Ke6 64. h5 Ke7 65.
h6 Kd6 66. h7 Kc6 67. h8=Q Kb5 68. Qc8 Ka5 69. Qb7 Ka4 70. Kf5 Ka5 71. Ke4 Ka4
72. Kd4 Ka5 73. Kc4 Ka4 74. Qa7# {Hossa checkmated} 1-0

[Event "ICS rated blitz match"]
[Site "204.178.125.65"]
[Date "1999.07.29"]
[Round "?"]
[White "Hossa"]
[Black "JudgeTurpin"]
[Result "0-1"]
[WhiteElo "2314"]
[BlackElo "2525"]
[PlyCount "116"]
[EventDate "1999.??.??"]

1. d4 d5 2. c4 c6 3. Nc3 Nf6 4. cxd5 cxd5 5. f3 e6 6. Bg5 Bd7 7. e4 dxe4 8.
fxe4 Be7 9. Nf3 h6 10. Bxf6 Bxf6 11. Bc4 Qb6 12. b3 Nc6 13. e5 Bg5 14. Qd3 Nb4
15. Qe2 Bc6 16. Ne4 Rd8 17. O-O Bxe4 18. Qxe4 Qc6 19. Qe2 a6 20. a3 Nd5 21.
Nxg5 hxg5 22. Qf3 Rd7 23. Rac1 Rc7 24. Bxd5 Qxc1 25. Qxf7+ Rxf7 26. Rxc1 Kd7
27. Bxb7 Rb8 28. Bc6+ Ke7 29. b4 Rd8 30. Bb7 Rxd4 31. Bxa6 Rf5 32. Re1 Rd5 33.
Bb7 Rdxe5 34. Rxe5 Rxe5 35. Kf2 Rf5+ 36. Kg3 Rf1 37. Bc6 Kd6 38. Be8 Rb1 39.
Kg4 Rb2 40. g3 Rxh2 41. Kxg5 Rc2 42. g4 Rc3 43. Kg6 Rxa3 44. Kxg7 Rg3 45. Bh5
Rb3 46. g5 Rxb4 47. g6 Ke7 48. Bf3 e5 49. Be2 e4 50. Kh6 Rb2 51. Bh5 Kf6 52. g7
Rg2 53. g8=Q Rxg8 54. Bg6 Rxg6+ 55. Kh5 e3 56. Kh4 e2 57. Kh3 e1=Q 58. Kh2
58... Qh4# {Hossa checkmated} 0-1

[Event "ICS rated blitz match"]
[Site "204.178.125.65"]
[Date "1999.07.29"]
[Round "?"]
[White "oculus"]
[Black "Hossa"]
[Result "0-1"]
[WhiteElo "2033"]
[BlackElo "2307"]
[PlyCount "104"]
[EventDate "1999.??.??"]

1. e4 e5 2. Nc3 Bb4 3. g3 Ne7 4. Bg2 O-O 5. Nge2 f5 6. exf5 Nxf5 7. O-O Bc5 8.
Ne4 Bb6 9. N4c3 c6 10. d3 d5 11. Bd2 Nd7 12. a3 Qf6 13. a4 Nd6 14. a5 Bxf2+ 15.
Kh1 Qd8 16. d4 exd4 17. Na4 Nc4 18. Bf4 Ne3 19. Bxe3 dxe3 20. Nf4 Nf6 21. Nc5
e2 22. Qxe2 Bxc5 23. c3 Bg4 24. Qd3 Qd7 25. b4 Bf5 26. Qd2 Ne4 27. Bxe4 Bxe4+
28. Ng2 Bd6 29. Kg1 Qh3 30. Rae1 Be5 31. Rxe4 Rxf1+ 32. Kxf1 dxe4 33. Kg1 Qg4
34. Nf4 Bxf4 35. Qxf4 Qxf4 36. gxf4 Rf8 37. Kf2 Rxf4+ 38. Ke2 Rf3 39. h4 Rxc3
40. h5 Rh3 41. h6 gxh6 42. Kf2 Rb3 43. Ke2 Rxb4 44. Ke3 Ra4 45. Kf4 Kf7 46. Ke3
h5 47. Kf2 Kf6 48. Ke3 Ke5 49. Kf2 Rxa5 50. Kg3 Ra2 51. Kh4 Kf4 52. Kxh5 52...
Rh2# {oculus checkmated} 0-1

[Event "ICS rated blitz match"]
[Site "204.178.125.65"]
[Date "1999.07.29"]
[Round "?"]
[White "Hossa"]
[Black "Mikro"]
[Result "0-1"]
[WhiteElo "2312"]
[BlackElo "2539"]
[PlyCount "103"]
[EventDate "1999.??.??"]

1. d4 d5 2. c4 e6 3. Nc3 Nf6 4. cxd5 exd5 5. Bg5 Be7 6. e3 O-O 7. Bd3 Nbd7 8.
Qc2 c6 9. Nge2 Re8 10. O-O Nf8 11. f3 Ng6 12. e4 dxe4 13. fxe4 Ng4 14. Bxe7
Qxe7 15. Qd2 f6 16. h3 Nh6 17. Rac1 Nf7 18. Rf2 Qd6 19. Bc4 Be6 20. Bxe6 Qxe6
21. Qe3 Rad8 22. Rcf1 Qe7 23. Ng3 Nd6 24. b3 b5 25. a3 Qe6 26. Qc1 Qxb3 27. Rf3
Qe6 28. Qe1 Nc4 29. Nce2 Qe7 30. Rc3 Nxa3 31. Rxc6 b4 32. Qc1 Rd7 33. Qc5 Qxc5
34. Rxc5 b3 35. d5 b2 36. Nc3 Ne5 37. Ra5 Nec4 38. Ra4 Rc7 39. d6 Rd7 40. Nf5
Rb8 41. g3 Rb3 42. Nb1 Nxb1 43. Rxb1 Nd2 44. Rd1 b1=Q 45. Rxb1 Rxb1+ 46. Kf2 g6
47. Ne7+ Kf7 48. Nc8 Rb8 49. Nxa7 Rxd6 50. h4 Rb2 51. Nc8 Nc4+ 52. Ke1 {
Hossa resigns} 0-1

[Event "ICS rated blitz match"]
[Site "204.178.125.65"]
[Date "1999.07.29"]
[Round "?"]
[White "Pheona"]
[Black "Hossa"]
[Result "1-0"]
[WhiteElo "2547"]
[BlackElo "2305"]
[PlyCount "83"]
[EventDate "1999.??.??"]

1. d4 e6 2. e4 d5 3. exd5 exd5 4. Bd3 c5 5. Nf3 Bg4 6. Qe2+ Be7 7. dxc5 Nc6 8.
c3 Bxf3 9. gxf3 Qc7 10. Be3 O-O-O 11. O-O d4 12. cxd4 Nxd4 13. Bxd4 Rxd4 14. c6
Rh4 15. cxb7+ Kb8 16. f4 Qxf4 17. f3 Bd6 18. Qe8+ Kxb7 19. Qd7+ Kb6 20. Qb5+
Kc7 21. Qa5+ Kd7 22. Qxa7+ Ke6 23. Re1+ Kf6 24. Nc3 Qxh2+ 25. Kf1 Qxb2 26. Ne4+
Rxe4 27. Bxe4 Qb5+ 28. Re2 Nh6 29. Rd1 Bb8 30. Qa8 Qb6 31. Rb1 Qa7 32. Qc6+ Kg5
33. Rg2+ Kh5 34. Qb5+ f5 35. Bxf5 g5 36. Bg6+ Kxg6 37. Qxg5+ Kf7 38. Qg7+ Ke6
39. Qxh6+ Kd5 40. Rd2+ Ke5 41. Rb5+ Qc5 42. Rxc5# {Hossa checkmated} 1-0

[Event "ICS Rated blitz match"]
[Site "204.178.125.65"]
[Date "1999.07.29"]
[Round "?"]
[White "TDChess"]
[Black "Hossa"]
[Result "1-0"]
[WhiteElo "2514"]
[BlackElo "2299"]
[PlyCount "141"]
[EventDate "1999.??.??"]

1. e4 e5 2. Nc3 Bb4 3. Qg4 g6 4. Qf3 Nf6 5. a3 Bc5 6. Bc4 d6 7. Nge2 Bg4 8. Qg3
Bxe2 9. Bxe2 Nc6 10. O-O Nd4 11. Bd1 Qe7 12. b4 Bb6 13. d3 Ne6 14. Nd5 Nxd5 15.
exd5 Ng7 16. Qh3 Bd4 17. Rb1 Nf5 18. Bg4 Ng7 19. Bc8 c6 20. dxc6 bxc6 21. Bd2
O-O 22. Bd7 Rad8 23. Bxc6 Rc8 24. b5 Qe6 25. Qxe6 fxe6 26. Bb4 Rcd8 27. a4 Bb6
28. a5 Bc7 29. c4 Rf7 30. Bd2 Nf5 31. b6 Bb8 32. b7 Nd4 33. Ba4 Ne2+ 34. Kh1
Nf4 35. Rb3 a6 36. Be3 Kh8 37. Re1 Rg8 38. Bc6 Rgf8 39. Bb6 Rf6 40. d4 exd4 41.
Bxd4 e5 42. Be3 R8f7 43. Rd1 Rf8 44. Rb6 Ba7 45. Rxa6 Bxe3 46. Ra8 Bc5 47. b8=Q
Rxb8 48. Rxb8+ Kg7 49. Rb7+ Kh6 50. a6 Bxf2 51. a7 Bxa7 52. Rxa7 Nd3 53. Rda1
Nb4 54. Be4 Rf4 55. Re1 Rf2 56. Ra4 Nc2 57. Ra2 Nxe1 58. Rxf2 Kg5 59. g3 h5 60.
Rf1 h4 61. gxh4+ Kh5 62. Rxe1 g5 63. Rd1 gxh4 64. Rxd6 Kg5 65. c5 Kf4 66. c6
Kxe4 67. c7 Kf4 68. c8=Q e4 69. Qc5 Kg4 70. Rf6 Kh3 71. Qf5# {Hossa checkmated}
1-0

[Event "ICS rated blitz match"]
[Site "204.178.125.65"]
[Date "1999.07.29"]
[Round "?"]
[White "Hossa"]
[Black "libertad"]
[Result "0-1"]
[WhiteElo "2292"]
[BlackElo "2283"]
[PlyCount "116"]
[EventDate "1999.??.??"]

1. d4 d5 2. c4 dxc4 3. e4 e5 4. Nf3 Bb4+ 5. Bd2 Bxd2+ 6. Nbxd2 exd4 7. Bxc4 Nc6
8. O-O Qf6 9. e5 Qg6 10. Nh4 Qh6 11. Nhf3 Be6 12. Bb5 Nge7 13. Nxd4 O-O-O 14.
N2f3 Nxd4 15. Nxd4 a6 16. Ba4 b5 17. Bb3 Bxb3 18. axb3 Qf4 19. Ne2 Qxe5 20. Qc2
Rd6 21. Rfe1 Rhd8 22. Ng3 Qf6 23. Qxh7 Rd5 24. Qh3+ Kb7 25. Ne4 Qxb2 26. Qf3
Nf5 27. Nc5+ Kb6 28. Nxa6 c5 29. Qf4 R8d6 30. Qf3 b4 31. Reb1 Qd4 32. Qe2 Qd3
33. Qe1 Nd4 34. Kh1 Nc2 35. Qg1 Nxa1 36. Rxa1 Qd1 37. Nxb4 Qxg1+ 38. Rxg1 cxb4
39. g4 Rd1 40. h4 Rxg1+ 41. Kxg1 Rh6 42. h5 g6 43. hxg6 Rxg6 44. Kf1 Rc6 45. f4
Rc3 46. g5 Rxb3 47. Ke2 Rg3 48. Kd1 b3 49. Kc1 Kb5 50. Kb2 Kb4 51. g6 Rxg6 52.
Kb1 Rf6 53. Kb2 Rf5 54. Kb1 Rxf4 55. Kc1 Rf2 56. Kd1 b2 57. Ke1 Rh2 58. Kd1
58... b1=Q# {Hossa checkmated} 0-1

[Event "ICS Rated blitz match"]
[Site "204.178.125.65"]
[Date "1999.07.29"]
[Round "?"]
[White "libertad"]
[Black "Hossa"]
[Result "1-0"]
[WhiteElo "2299"]
[BlackElo "2293"]
[PlyCount "60"]
[EventDate "1999.??.??"]

1. Nf3 Nf6 2. d4 d5 3. c4 dxc4 4. e3 b5 5. a4 c6 6. b3 cxb3 7. axb5 Bg4 8. Qxb3
Bxf3 9. gxf3 Nfd7 10. Rg1 cxb5 11. Bxb5 e6 12. Bb2 Qh4 13. Qc3 Kd8 14. Nd2 Qxh2
15. Rg3 h5 16. Rc1 Bd6 17. Qc8+ Ke7 18. Qxh8 Bxg3 19. Ne4 Bxf2+ 20. Kf1 Na6 21.
Ba3+ Nac5 22. Qxa8 Qg1+ 23. Ke2 Qxc1 24. Bxc5+ Qxc5 25. dxc5 a6 26. Bxd7 Kxd7
27. c6+ Ke7 28. Qb7+ Ke8 29. Qc8+ Ke7 30. Qd7+ 30... Kf8 {Hossa resigns} 1-0

[Event "ICS rated blitz match"]
[Site "204.178.125.65"]
[Date "1999.07.29"]
[Round "?"]
[White "Hossa"]
[Black "cayest"]
[Result "1-0"]
[WhiteElo "2277"]
[BlackElo "2158"]
[PlyCount "197"]
[EventDate "1999.??.??"]

1. d4 Nf6 2. c4 c5 3. d5 b5 4. cxb5 e6 5. Nc3 exd5 6. Nxd5 Bb7 7. Nxf6+ Qxf6 8.
a4 d5 9. Nf3 Bd6 10. a5 a6 11. bxa6 Bc6 12. Ng5 h6 13. Nh3 Nxa6 14. e3 O-O 15.
Bxa6 Rxa6 16. O-O Rd8 17. Qc2 Bd7 18. Nf4 Bxf4 19. exf4 c4 20. Re1 Bf5 21. Qc3
Qg6 22. b3 cxb3 23. Qxb3 Be4 24. Qh3 Bf5 25. Qh4 Rda8 26. Bd2 Be4 27. Qh3 d4
28. f3 Bf5 29. Qh4 Re6 30. Rxe6 Qxe6 31. Re1 Qa2 32. Bb4 Be6 33. f5 Bxf5 34.
Qxd4 Be6 35. Bc3 f6 36. Qd6 Bf7 37. Qg3 Kh7 38. Qf4 Qd5 39. Re7 Re8 40. Rxe8
Bxe8 41. Qe4+ Qxe4 42. fxe4 Bb5 43. Kf2 h5 44. Ke3 Kg8 45. e5 fxe5 46. Bxe5 g6
47. Kd4 Kf7 48. Kc5 Bf1 49. g3 Ke6 50. Bf4 Kf5 51. h4 Ke6 52. Kb6 Kd7 53. a6
Kc8 54. Bd6 Bg2 55. a7 Ba8 56. Be5 Bb7 57. Bf4 Ba8 58. Bd6 Bb7 59. Bc5 Ba8 60.
Bd4 Bb7 61. Be3 Ba8 62. Bd2 Bb7 63. Bc3 Ba8 64. Bf6 Bb7 65. Bg5 Ba8 66. Be7 Bb7
67. Ba3 Ba8 68. Bc5 Bb7 69. Bd4 Ba8 70. Bc3 Bb7 71. Be5 Ba8 72. Bg7 Bb7 73. Ba1
Ba8 74. Bb2 Bb7 75. Bc1 Ba8 76. Be3 Bb7 77. Bd2 Ba8 78. Bc1 Bb7 79. Bh6 Bd5 80.
Kc5 Bf3 81. Kd6 Ba8 82. Be3 Kd8 83. Bb6+ Ke8 84. Kc7 Kf7 85. Kb8 Be4 86. Bd8
Bf3 87. Bg5 Ke6 88. a8=Q Bxa8 89. Kxa8 Kf5 90. Kb7 Ke6 91. Kc6 Kf7 92. Kd6 Kf8
93. Ke6 Kg7 94. Ke7 Kh7 95. Kf7 Kh8 96. Bf6+ Kh7 97. Bg7 g5 98. hxg5 h4 99. g6#
{cayest checkmated} 1-0

[Event "ICS rated blitz match"]
[Site "204.178.125.65"]
[Date "1999.07.29"]
[Round "?"]
[White "Hossa"]
[Black "libertad"]
[Result "0-1"]
[WhiteElo "2298"]
[BlackElo "2333"]
[PlyCount "120"]
[EventDate "1999.??.??"]

1. d4 d5 2. c4 dxc4 3. e4 e5 4. Nf3 Bb4+ 5. Bd2 Bxd2+ 6. Nbxd2 exd4 7. Bxc4 Nc6
8. O-O Qf6 9. e5 Qg6 10. Nh4 Qh6 11. Nhf3 Be6 12. Bb5 Nge7 13. Nxd4 O-O-O 14.
N2f3 Nxd4 15. Nxd4 a6 16. Ba4 b5 17. Bb3 Bxb3 18. axb3 Qf4 19. Ne2 Qxe5 20. Qc2
Rd6 21. Rfe1 Rhd8 22. Ng3 Qf6 23. Qxh7 Rd5 24. Ne4 Qxb2 25. Ng3 Kb7 26. Reb1
Qf6 27. Qe4 Nc6 28. Qe1 Qe5 29. Qc1 Rd2 30. Qa3 a5 31. Nf1 Re2 32. Ng3 Rxf2 33.
Re1 Qb2 34. Qxb2 Rxb2 35. Rab1 Rdd2 36. Rxb2 Rxb2 37. Rf1 Rxb3 38. Ne4 Kb6 39.
Rxf7 a4 40. Nd2 Rb2 41. Nf1 a3 42. Rf3 a2 43. Ra3 b4 44. Ra4 b3 45. Ne3 Rb1+
46. Kf2 a1=Q 47. Re4 Qa2+ 48. Kg3 b2 49. Nc4+ Kc5 50. Nd2 Rd1 51. Rc4+ Qxc4 52.
Nxc4 Kxc4 53. Kh4 b1=Q 54. Kg3 Qd3+ 55. Kh4 Qe4+ 56. Kh3 Rd3+ 57. g3 Qf5+ 58.
Kg2 Rd2+ 59. Kg1 Qf2+ 60. Kh1 60... Qf1# {Hossa checkmated} 0-1

[Event "ICS rated blitz match"]
[Site "204.178.125.65"]
[Date "1999.07.29"]
[Round "?"]
[White "libertad"]
[Black "Hossa"]
[Result "1/2-1/2"]
[WhiteElo "2347"]
[BlackElo "2284"]
[PlyCount "136"]
[EventDate "1999.??.??"]

1. d4 c5 2. d5 e6 3. c4 Qh4 4. e3 exd5 5. Nf3 Qg4 6. h3 Qh5 7. Nc3 dxc4 8. Bxc4
Nf6 9. e4 Be7 10. e5 Ng4 11. Nd5 Bd8 12. O-O Nxe5 13. Nxe5 Qxd1 14. Rxd1 O-O
15. Bf4 Nc6 16. Nf3 Re8 17. Re1 Rf8 18. Bd6 Ba5 19. Re2 a6 20. Bxc5 Rd8 21.
Ne7+ Nxe7 22. Rxe7 d6 23. Bxd6 Bxh3 24. Bxf7+ Kh8 25. Ba3 Bc8 26. Bd5 h6 27.
Be4 Kg8 28. Rc1 Rb8 29. Ne5 Bb6 30. Bd6 Ra8 31. Nf7 Rxd6 32. Nxd6 Bg4 33. Rc4
h5 34. Rxb7 Ba5 35. b4 Be6 36. Rd4 Bd8 37. Rxg7+ Kxg7 38. Bxa8 Be7 39. Ne4 Bxa2
40. Bd5 Bxd5 41. Rxd5 Bxb4 42. Rxh5 a5 43. Rg5+ Kf7 44. Rb5 Ke7 45. Nc5 Bc3 46.
Na4 Bb4 47. Nb2 Bc3 48. Nd3 Kd6 49. Rb8 Kd5 50. Ra8 Kc4 51. Nf4 Kb3 52. g4 a4
53. Nd5 Be5 54. Ne3 Bd6 55. Ra6 Bc5 56. Kg2 a3 57. g5 a2 58. Nd1 Bd4 59. f4
a1=Q 60. Rxa1 Bxa1 61. Kf3 Kc2 62. Ne3+ Kd3 63. Ng4 Bc3 64. f5 Kd4 65. Kf4 Bd2+
66. Kg3 Bxg5 67. Kf3 Kd5 68. f6 68... Bxf6 {
Game drawn because neither player has mating material} 1/2-1/2

[Event "ICS Rated blitz match"]
[Site "204.178.125.65"]
[Date "1999.07.29"]
[Round "?"]
[White "libertad"]
[Black "Hossa"]
[Result "1-0"]
[WhiteElo "2353"]
[BlackElo "2287"]
[PlyCount "133"]
[EventDate "1999.??.??"]

1. d4 c5 2. d5 e6 3. e4 exd5 4. exd5 Bd6 5. Bd3 Ne7 6. Nc3 Be5 7. Nf3 Bxc3+ 8.
bxc3 Nxd5 9. O-O Ne7 10. Re1 d5 11. Ba3 Qa5 12. Qe2 Be6 13. Bb5+ Nd7 14. Bxc5
Nc6 15. Bb4 Qb6 16. Rad1 O-O-O 17. Nd4 Nxb4 18. cxb4 Nf8 19. Qe5 Rg8 20. a3 Ng6
21. Qg5 Kb8 22. Qg3+ Ka8 23. c3 a6 24. Ba4 Rgf8 25. Bc2 Rfe8 26. f4 Bc8 27.
Rxe8 Rxe8 28. f5 Ne5 29. Ba4 Re7 30. Qxg7 Nc4 31. f6 Re3 32. Qg8 Qc7 33. Bb3
Rxc3 34. Bxc4 Qxc4 35. Qxf7 Rxa3 36. Nf3 Qc3 37. Qe8 Ra1 38. Rxa1 Qxa1+ 39. Kf2
Qb2+ 40. Kg3 Qxf6 41. Qxc8+ Ka7 42. Qc5+ Qb6 43. Qxb6+ Kxb6 44. Kf4 Kb5 45. Ke5
b6 46. Kxd5 Kxb4 47. Nd4 Ka4 48. g4 b5 49. g5 b4 50. h4 b3 51. Nxb3 Kb4 52. h5
Kxb3 53. g6 h6 54. g7 a5 55. g8=Q Ka2 56. Qg3 a4 57. Kc4 Kb2 58. Kb4 Ka2 59.
Qa3+ Kb1 60. Qxa4 Kc1 61. Qb3 Kd2 62. Qc3+ Kd1 63. Qb2 Ke1 64. Kc3 Kf1 65. Qh2
Ke1 66. Qg2 Kd1 67. Qd2# {Hossa checkmated} 1-0

[Event "ICS rated blitz match"]
[Site "204.178.125.65"]
[Date "1999.07.29"]
[Round "?"]
[White "Hossa"]
[Black "libertad"]
[Result "1-0"]
[WhiteElo "2274"]
[BlackElo "2366"]
[PlyCount "75"]
[EventDate "1999.??.??"]

1. d4 d5 2. c4 dxc4 3. e4 e5 4. Nf3 Bb4+ 5. Bd2 Bxd2+ 6. Nbxd2 exd4 7. Bxc4 Nc6
8. O-O Qf6 9. e5 Qg6 10. Bb5 Bg4 11. Qa4 Nge7 12. Qxd4 O-O 13. Qf4 Nd5 14. Qg3
Nde7 15. Rad1 Rfd8 16. Bxc6 Nxc6 17. Kh1 Qe6 18. b3 Nb4 19. a3 Nc2 20. Nc4 Qf5
21. Rg1 b5 22. Nh4 Qh5 23. f3 Be6 24. Rxd8+ Rxd8 25. Na5 Nxa3 26. Nc6 Re8 27.
Ra1 Nc2 28. Rxa7 Bxb3 29. Rxc7 Be6 30. Rb7 Bc4 31. Qf4 h6 32. Ne7+ Kh7 33. Qe4+
g6 34. Nhxg6 fxg6 35. Nd5+ Kg8 36. Nf6+ Kf8 37. Nxh5 gxh5 38. Qf5+ {
libertad resigns} 1-0

[Event "ICS rated blitz match"]
[Site "204.178.125.65"]
[Date "1999.07.29"]
[Round "?"]
[White "libertad"]
[Black "Hossa"]
[Result "1-0"]
[WhiteElo "2346"]
[BlackElo "2294"]
[PlyCount "50"]
[EventDate "1999.??.??"]

1. d4 c5 2. d5 e6 3. Nc3 Be7 4. e4 exd5 5. Nxd5 Nf6 6. Bf4 Nxd5 7. Qxd5 Nc6 8.
O-O-O Nb4 9. Qb3 O-O 10. Nf3 Qa5 11. Kb1 Bf6 12. Bd6 Re8 13. Bc4 Rxe4 14. Bxf7+
Kh8 15. Rhe1 Re6 16. Bxe6 dxe6 17. Ne5 a6 18. Re4 b6 19. a3 Nd5 20. Rxd5 Bb7
21. Rxc5 Qd2 22. Nf7+ Kg8 23. Qxe6 Qd1+ 24. Ka2 Qa1+ 25. Kxa1 25... bxc5 {
Hossa resigns} 1-0

[Event "ICS rated blitz match"]
[Site "204.178.125.65"]
[Date "1999.07.29"]
[Round "?"]
[White "Hossa"]
[Black "postalex"]
[Result "1-0"]
[WhiteElo "2288"]
[BlackElo "2092"]
[PlyCount "55"]
[EventDate "1999.??.??"]

1. d4 d5 2. c4 e6 3. Nc3 c5 4. cxd5 cxd4 5. Qa4+ Bd7 6. Qxd4 exd5 7. Qxd5 Nc6
8. e4 Nf6 9. Qg5 h6 10. Qd2 Bc5 11. Bd3 Qe7 12. Nge2 O-O-O 13. O-O Ne5 14. Nd5
Nxd5 15. exd5 Bg4 16. Nc3 Qh4 17. Bb5 Rd6 18. Ne4 Rg6 19. Kh1 Nf3 20. Qf4 f5
21. Nxc5 Rb6 22. Bd7+ Kd8 23. gxf3 g5 24. Qb8+ Ke7 25. Re1+ Kf7 26. Be8+ Kf8
27. Bh5+ Kg7 28. Qc7+ {postalex resigns} 1-0

[Event "ICS rated blitz match"]
[Site "204.178.125.65"]
[Date "1999.07.29"]
[Round "?"]
[White "WildFrog"]
[Black "Hossa"]
[Result "0-1"]
[WhiteElo "2155"]
[BlackElo "2296"]
[PlyCount "34"]
[EventDate "1999.??.??"]

1. e4 e5 2. Nf3 Nf6 3. d4 exd4 4. e5 Ne4 5. Qxd4 f5 6. Be3 Bc5 7. Qd3 Na6 8. c3
Bxe3 9. Qxe3 Nac5 10. Bc4 d5 11. exd6 Qxd6 12. Nbd2 Be6 13. Bxe6 Qxe6 14. Nd4
Qa6 15. Nxe4 fxe4 16. O-O-O Qxa2 17. Nc2 17... Nb3# {WildFrog checkmated} 0-1

[Event "ICS rated blitz match"]
[Site "204.178.125.65"]
[Date "1999.07.29"]
[Round "?"]
[White "Hossa"]
[Black "lorax"]
[Result "1-0"]
[WhiteElo "2306"]
[BlackElo "2044"]
[PlyCount "46"]
[EventDate "1999.??.??"]

1. d4 d6 2. e4 c6 3. Bd3 a5 4. Ne2 Na6 5. Be3 g6 6. O-O Bg7 7. Bg5 Qc7 8. Nd2
Nf6 9. f3 Nd7 10. c3 Nf6 11. Qa4 Nd7 12. Nb3 Nab8 13. f4 b5 14. Qa3 a4 15. Nd2
Ba6 16. f5 b4 17. cxb4 Bxd3 18. Qxd3 Na6 19. b5 cxb5 20. fxg6 hxg6 21. Qxb5 f6
22. Be3 O-O 23. Qd5+ 23... Rf7 {lorax resigns} 1-0

[Event "ICS rated blitz match"]
[Site "204.178.125.65"]
[Date "1999.07.29"]
[Round "?"]
[White "Hossa"]
[Black "swelch"]
[Result "1-0"]
[WhiteElo "2312"]
[BlackElo "2085"]
[PlyCount "59"]
[EventDate "1999.??.??"]

1. d4 c5 2. dxc5 Qa5+ 3. c3 Qxc5 4. e4 d5 5. Be3 Qa5 6. Qxd5 Qxd5 7. exd5 Nf6
8. Bc4 Bf5 9. Nd2 a6 10. Ne2 Nbd7 11. O-O Ne5 12. Bb3 O-O-O 13. c4 e6 14. Bb6
Rd7 15. Nd4 Bd3 16. Rfe1 Neg4 17. dxe6 fxe6 18. Rxe6 Bb4 19. Rd1 Bg6 20. Ba4
Rxd4 21. Bxd4 Bf7 22. Re2 Bxd2 23. Rdxd2 Bxc4 24. Rc2 b5 25. Bb3 Kb7 26. Re7+
Kc8 27. Bxc4 bxc4 28. Rxc4+ Kd8 29. Ra7 Re8 30. Bb6# {swelch checkmated} 1-0

[Event "ICS rated blitz match"]
[Site "204.178.125.65"]
[Date "1999.07.29"]
[Round "?"]
[White "DaGilb"]
[Black "Hossa"]
[Result "0-1"]
[WhiteElo "2027"]
[BlackElo "2319"]
[PlyCount "47"]
[EventDate "1999.??.??"]

1. e4 e5 2. g3 d5 3. Bg2 dxe4 4. Bxe4 Bc5 5. Bg2 Qf6 6. Qe2 Ne7 7. Nc3 O-O 8.
Ne4 Qb6 9. d3 Nbc6 10. c3 Bd7 11. Nxc5 Qxc5 12. Be3 Qa5 13. Nf3 Bf5 14. O-O Qa6
15. Rfd1 e4 16. Nh4 exd3 17. Qf1 Rfd8 18. Rd2 Bg4 19. f3 Be6 20. b3 Nd5 21.
Rxd3 Nxe3 22. Rxe3 Qb6 23. Qf2 g5 24. Rxe6 {DaGilb resigns} 0-1